|
|
|
|
| LEADER |
00000nab a2200000 a 4500 |
| 001 |
vtls000136335 |
| 003 |
SK-MaSNL |
| 005 |
20260303183405.0 |
| 008 |
111104c1982 xo 0 slo |
| 015 |
|
|
|a SNBRB19rr/mm-uuuuu
|
| 035 |
|
|
|a CL0146441
|
| 040 |
|
|
|a SNKBUCL
|b slo
|c SNKBUCL
|e AACR2
|
| 041 |
0 |
|
|a slo
|
| 044 |
|
|
|a xo
|c SK
|
| 080 |
|
|
|a 792.2.071
|2 1981
|
| 080 |
|
|
|a 929 Romančík, Elo
|2 1981
|
| 245 |
0 |
0 |
|a Tvorivé a tvárne herectvo
|b k životnému jubileu E. Romančíka
|c (mj)
|
| 600 |
1 |
7 |
|a Romančík, Elo,
|d 1922-2012
|2 snkbucl
|9 15957
|
| 655 |
|
7 |
|a profily
|2 snkbucl
|9 341977
|
| 655 |
|
7 |
|a články z novín a časopisov
|2 snkbucl
|9 267496
|
| 773 |
0 |
|
|t Ľud
|g Roč. 35, č. 304 (23. 12. 1982), s. 5
|
| 850 |
|
|
|a Slovenská národná knižnica v Martine
|a MTA001
|
| 852 |
|
|
|a SNK
|b KIS3GCP
|
| 958 |
|
|
|a RK
|
| 992 |
|
|
|a RBX
|
| 999 |
|
|
|c 2120913
|d 2122843
|